000 00406cam a22001217a 4500
008 180718b1965 xxu||||| |||| 00| 0 eng d
082 _aA81x54 In2/61/Vol 14/Pt 6-A-3
100 _aCensus of India 1961
245 _aRajasthan: village survey monograph, Sanurara
260 _aDelhi
_bThe Manager of Publications
_c1965
300 _a46+p.
440 _aCensus of India 1961. Volume XIV, Rajasthan. Part VI-A-3
999 _c484373
_d484373